000 01187nam a22003377a 4500
001 4868966
003 OSt
005 20210426065405.0
008 920610s1993 mau b 001 0 eng
010 _a 92020662
020 _a0674634624 (alk. paper)
040 _aDLC
_cDLC
_dDLC
_beng
041 _aeng
050 0 0 _aRC509
_b.P55 1993
080 _a15
_bP-56
082 0 0 _a616.89/17
_220
100 1 _aPhillips, Adam,
_d1954-
245 1 0 _aOn kissing, tickling, and being bored :
_bpsychoanalytic essays on the unexamined life /
_c/ by: Harvard University Press
260 _aCambridge, Mass.
_bHarvard University Press
_c1993.
300 _aviii, 138 p.
_c24 cm.
365 _b19.95 usd
504 _aIncludes bibliographical references (p. [123]-129) and index.
600 1 0 _aFreud, Sigmund,
_d1856-1939.
600 1 0 _aWinnicott, D. W.
_q(Donald Woods),
_d1896-1971.
650 0 _aPsychoanalysis.
650 0 _aPsychology
_9134
653 _aფსიქოლოგია
906 _a7
_bcbc
_corignew
_d1
_eocip
_f19
_gy-gencatlg
942 _2udc
_cBK
999 _c1438
_d1438